Animes A-Z - Statistics

General Stats
  • This quiz has been taken 2,956 times
  • The average score is 14 of 26
Answer Stats
Picture Hint Answer % Correct
O One piece
94%
C Chainsaw man
93%
J Jujutsu kaisen
91%
D Dr. Stone
88%
F Fairy tail
84%
V Vinland saga
79%
G Gintama
77%
R Re: zero
76%
M Mob psycho 100
75%
T Tokyo revengers
74%
E Erased
71%
I Inuyasha
65%
N No game no life
64%
A Another
60%
Y Yuri on ice
57%
H Hellsing
53%
K Kuroko's Basketball
44%
B Bungou stray dogs
43%
S Sk8 the infinity
39%
P Psycho pass
37%
L Link click
25%
X x
17%
W Welcome to the ballroom
8%
U Uq holder
5%
Q Qualidea code
3%
Z Zombie loan
2%
No matching quizzes found
Score Distribution
Percent of People with Each Score
Percentile by Number Answered
Your Score History
You have not taken this quiz